000 00650nam a22002537a 4500
001 44425
003 UA-OsUOA
005 20220525115812.0
007 ta
008 20070221b un ||||| |||| 00| 0 ukr d
020 _a593763005Х
040 _aUA-OsUOA
_brus
_cUA-OsUOA
_dUA-OsUOA
041 _arus
080 _a94(100)
090 _a94(100)
_bК41
100 _aКиндер Г.
245 _aВсемирная история
260 _aМ.
_bРыбари
_c2003
300 _a638 с.
650 7 _a9 Географія. Біографії. Історія
_2UDC
700 _aХигельманн В.
942 _cBK
_2udc
955 _a2
999 _c330545
_d330545